| 000 | 01158nam a22003017a 4500 | ||
|---|---|---|---|
| 001 | 00000809 | ||
| 003 | DO-SdBNP | ||
| 005 | 20210422124007.0 | ||
| 007 | 00000809 | ||
| 008 | 160609b 2015 dr | 00| 0 spa d | ||
| 020 | _a97899 45896541 | ||
| 040 |
_aBPMSU _bspa _cBPMSU |
||
| 082 |
_a972.9364 _bP214r _222 |
||
| 092 |
_a _b |
||
| 245 | 0 |
_aPapeles de Río San Juan / _ccompilador Leoncio Bisonó ; corrección y cuidado de la edición Piero Espinal Estevez |
|
| 260 |
_aSan José de las Matas, República Dominicana : _bOPUS, _c2015 |
||
| 300 |
_a824 p. : _bils., retrs. _c24 cm. _3 _6 |
||
| 500 | _aIncluye datos biográficos del compilador en la solapa de la cubierta | ||
| 500 | _aIncluye referencias bibliográficas y notas al pie de las páginas. | ||
| 590 | _6Inventariado, 2021/VM | ||
| 651 | 4 |
_a Río San Juan (República Dominicana) _xHistoria local |
|
| 651 | 4 |
_aCiudades y pueblos _z República Dominicana |
|
| 651 | 4 |
_aRio San Juan, ( República Dominicana) _xVida social y costumbres. |
|
| 700 | 1 |
_aBisonó, Leoncito _d1944 - _ecomp. |
|
| 700 | 1 |
_aEspinal Estevez, Piero _eed. |
|
| 910 | _aVMateo | ||
| 942 |
_2ddc _cBK |
||
| 999 |
_c13429 _d13429 |
||